000
00250nam a2200109Ia 4500
005
20251222141833.0
008
251222s9999||||xx |||||||||||||| ||spa||
082
_a
985.05/G14
100
_a
Galdo Gutierrez, Virgilio
245
0
_a
Ayacucho:
942
_c
LIB
999
_c
7170
_d
7170